Statistics for Cities by Airport Code - Africa Edition

Click here to take the quiz!

General Stats

  • This quiz has been taken 17 times
  • The average score is 11 of 14

Answer Stats

CodeCity% Correct
ACCAccra
100%
CAICairo
100%
CPTCape Town
100%
DARDar es Salaam
100%
NBONairobi
100%
ADDAddis Ababa
94%
JNBJohannesburg
94%
LOSLagos
94%
ABJAbidjan
82%
LADLuanda
76%
CMNCasablanca
59%
FIHKinshasa
53%
MGQMogadishu
53%
NSIYaounde
35%

Score Distribution

Percentile by Number Answered

Percent of People with Each Score

Your Score History

You have not taken this quiz